Statistiques concernant Anagrammes: Champions de lol 2

Cliquez ici pour prendre le quiz!

Statistiques générales

  • Ce quiz a été pris 167 fois
  • Le résultat moyen est 12 sur 16

Statistiques - réponses

HintRéponse% Correct
ivrisSivir
98%
noasSona
97%
ursavVarus
97%
alyssSylas
96%
emoteTeemo
92%
ragsagGragas
90%
yejacJayce
80%
craitTaric
79%
haylatiTaliyah
75%
nunqiQuinn
74%
rivenIvern
70%
drakosemireMordekaiser
70%
designSinged
67%
sunaluitNautilus
60%
boilarveVolibear
50%
rivageVeigar
38%

Distribution des résultats

Percentile par nombre de réponses

% des personnes avec chaque résultat

Votre développement - résultats

Vous n’avez pas pris ce quiz